000
00283nam a22001337a 4500
008
170306b xxu||||| |||| 00| 0 eng d
020
_a
9780412622403
041
_a
eng
080
_2
3RD
_a
575
100
_a
6
101
_a
SHM
245
_a
GENE CKNING
_c
BROWN, T.A
942
_2
udc
_c
BK
999
_c
6814
_d
6814